LIBRARY & INFORMATION CENTRE, KCAET, TAVANUR

ONLINE PUBLIC ACCESS CATALOGUE (OPAC)

Accelarated Hydropower Development and Pumped Storage Development / (Record no. 6804)

MARC details
000 -LEADER
fixed length control field 00440cam a2200133ua 4500
082 ## - DEWEY DECIMAL CLASSIFICATION NUMBER
Classification number 333.9140954
Item number VAR/AC
245 00 - TITLE STATEMENT
Title Accelarated Hydropower Development and Pumped Storage Development /
260 ## - PUBLICATION, DISTRIBUTION, ETC. (IMPRINT)
Place of publication New Delhi :
Name of publisher Central Board of Irrigation and Power (CBIP) ,
Year of publication 1997.
300 ## - PHYSICAL DESCRIPTION
Number of Pages ; .
500 ## - GENERAL NOTE
General note 1-3 December 1997 New Delhi, India.<br/>Proceedings
700 1# - ADDED ENTRY--PERSONAL NAME
Personal name Varma, C.V.J.
700 1# - ADDED ENTRY--PERSONAL NAME
Personal name Kaushish, S.P .
942 ## - ADDED ENTRY ELEMENTS (KOHA)
Koha item type Reference
Holdings
Withdrawn status Lost status Damaged status Collection code Home library Current library Shelving location Date acquired Full call number Accession Number Koha item type
      Reference KAUAET KAUAET Reference 07/04/2012 333.9140954.VAR/AC 19803 Reference
free website counter